Music Quiz

Random Music or Song Quiz

Song Title Overlaps Quiz Stats

Quiz Updated Jun 12, 2018

Challenge
Share
Tweet
Embed
Score 0/24 Timer 04:00
114 Plays Today
Song Title 1 Overlapping Word % Correct
She Drives Me...Crazy
99.3%
Paint It...Black
97.8%
Every Breath You...Take
97.5%
Another One Bites the...Dust
97.1%
Spice Up Your...Life
97.1%
Wish You Were...Here
97%
Hotel...California
94.3%
The Boys of...Summer
93.9%
Night...Moves
93.9%
Can't Buy Me...Love
93.8%
Drop It Like It's...Hot
93.2%
Blank...Space
90.7%
Song Title 1 Overlapping Word % Correct
Down...Under
86.9%
Ho...Hey
81.4%
Whenever,...Wherever
76.9%
Break...Free
74.5%
The Tracks of My...Tears
69.9%
Forever...Young
66.6%
We Got the...Beat
64.6%
One More...Night
62.1%
Instant...Karma
56.9%
Black...Dog
55.5%
What Makes You...Beautiful
38.3%
Got...Money
22%

You're not logged in!

Compare scores with friends on all Sporcle quizzes.
Join for Free
OR
Log In

You Might Also Like...

Show Comments

Extras

Top Quizzes Today


Score Distribution

Your Account Isn't Verified!

In order to create a playlist on Sporcle, you need to verify the email address you used during registration. Go to your Sporcle Settings to finish the process.

Report this User

Report this user for behavior that violates our Community Guidelines.

Details: